LEADER 01184nam0-2200349---450- 001 990004876770403321 005 20140708095940.0 035 $a000487677 035 $aFED01000487677 035 $a(Aleph)000487677FED01 035 $a000487677 100 $a19990604d1961----km-y0itay50------ba 101 0 $aeng 102 $aUS 105 $aa-------001yy 200 1 $a<>Didascalicon of Hugh of St. Victore$ea medieval guide to the arts$fHugh of St. Victore$gtranslated from the latin with an introduction and notes by Jerome Taylor 210 $aNew York ; London$cColumbia University Press$d1961 215 $aXII, 254 p.$c1 ritr.$d24 cm 225 1 $aRecords of civilization sources and studies$v64 610 0 $aUgo di San Vittore <1096 ca.-1141>$aOpere 676 $a230.092 676 $a186.4 700 1$aHugo :$cde s. Victore$f<1096-1141>$0195330 702 1$aTaylor,$bJerome 801 0$aIT$bUNINA$gRICA$2UNIMARC 901 $aBK 912 $a990004876770403321 952 $a230 HUG 1$bFil. Mod. 11379$fFLFBC 952 $a230 HUG 1 BIS$bBibl. 35908$fFLFBC 959 $aFLFBC 996 $aDidascalicon of Hugh of St. Victore$9520320 997 $aUNINA LEADER 02943nam 22005415 450 001 9910300592203321 005 20200701232133.0 010 $a3-319-77326-7 024 7 $a10.1007/978-3-319-77326-1 035 $a(CKB)4100000003359522 035 $a(MiAaPQ)EBC5341355 035 $a(DE-He213)978-3-319-77326-1 035 $a(EXLCZ)994100000003359522 100 $a20180403d2018 u| 0 101 0 $aeng 135 $aurcnu|||||||| 181 $ctxt$2rdacontent 182 $cc$2rdamedia 183 $acr$2rdacarrier 200 10$aFrom Biology to Linguistics: The Definition of Arthron in Aristotle's Poetics /$fby Patrizia Laspia 205 $a1st ed. 2018. 210 1$aCham :$cSpringer International Publishing :$cImprint: Springer,$d2018. 215 $a1 online resource (101 pages) 225 1 $aUNIPA Springer Series,$x2366-7516 311 $a3-319-77325-9 327 $aIntroduction -- Chapter 1: The Problem -- Chapter 2: From Biology to Linguistics -- Chapter 3: Conclusions. 330 $aThis book attempts to solve Aristotle's definition of arthron in the XX chapter of the Poetics by seeing it in a new light. This definition has always been considered an unsolvable problem. Starting with a detailed analysis of the Greek text, and of the various attempts to emend the text in order to make sense of it, the book provides an analytical description of the critical literature, showing that the solutions proposed up to now need to be revised. The possible solution is found in viewing the XX chapter of the Poetics not as a classification of parts of speech, as it was usually supposed, but by considering the biological definitions of arthron in Aristotle's corpus. This leads to the conclusion that, in linguistics as well as in biology, arthron is a "joint". In this light, the book offers a new textual conjecture for the first example of arthron in the Poetics. 410 0$aUNIPA Springer Series,$x2366-7516 606 $aPhilology 606 $aPhilosophy 606 $aGreek language 606 $aPhilology$3https://scigraph.springernature.com/ontologies/product-market-codes/N33000 606 $aHistory of Philosophy$3https://scigraph.springernature.com/ontologies/product-market-codes/E15000 606 $aGreek$3https://scigraph.springernature.com/ontologies/product-market-codes/N25000 606 $aClassical Studies$3https://scigraph.springernature.com/ontologies/product-market-codes/728000 615 0$aPhilology. 615 0$aPhilosophy. 615 0$aGreek language. 615 14$aPhilology. 615 24$aHistory of Philosophy. 615 24$aGreek. 615 24$aClassical Studies. 676 $a401 700 $aLaspia$b Patrizia$4aut$4http://id.loc.gov/vocabulary/relators/aut$0300011 906 $aBOOK 912 $a9910300592203321 996 $aFrom Biology to Linguistics: The Definition of Arthron in Aristotle's Poetics$92261619 997 $aUNINA